| 000 | 01408cam a22002894a 4500 | ||
|---|---|---|---|
| 999 |
_c28371 _d28371 |
||
| 001 | 11951357 | ||
| 005 | 20170302112001.0 | ||
| 008 | 000323s2000 vaua b 001 0 eng | ||
| 010 | _a 00008817 | ||
| 020 | _a087120374X | ||
| 020 | _a0871203650 (pbk.) | ||
| 040 |
_aDLC _cDLC _dDLC |
||
| 042 | _apcc | ||
| 050 | 0 | 0 |
_aLB1029.P67 _bR65 2000 |
| 082 | 0 | 0 |
_a371.2 _221 |
| 100 | 1 | _aRolheiser-Bennett, Noreen Carol. | |
| 245 | 1 | 4 |
_aThe portfolio organizer : _bsucceeding with portfolios in your classroom / _cCarol Rolheiser, Barbara Bower, and Laurie Stevahn. |
| 260 |
_aAlexandria, Va. : _bAssociation for Supervision and Curriculum Development, _cc2000. |
||
| 300 |
_aix, 166 p. : _bill. ; _c28 cm. |
||
| 504 | _aIncludes bibliographical references (p. 160-162) and index. | ||
| 505 | 0 | _aDetermining the basics of student portfolios -- Selecting categories for entries -- Identifying learning expectations and criteria -- Learning samples -- Reflections -- Storing and organizing portfolios -- Sharing the learning -- Setting goals -- Evaluation and grading -- Getting started with students. | |
| 650 | 0 | _aPortfolios in education. | |
| 700 | 1 |
_aBower, Barbara, _d1957- |
|
| 700 | 1 |
_aStevahn, Laurie, _d1956- |
|
| 906 |
_a7 _bcbc _corignew _d1 _eecip _f20 _gy-gencatlg |
||
| 942 |
_2lcc _cBOOKS _hLB1029 .P67R65 2000 |
||